| 000 | 00733nam a2200217 i 4500 | ||
|---|---|---|---|
| 001 | 131568 | ||
| 003 | ES-MaACL | ||
| 005 | 20260113125411.0 | ||
| 007 | t| | ||
| 008 | 070214s1915 cu |||| | spa d | ||
| 080 | _a821.134.2(729.1)-4"18" | ||
| 100 | 1 |
_aRodríguez García, José Antonio, _d1864-1934 _998540 |
|
| 245 | 1 | 0 |
_aDías de guerra / _cpor José A. Rodríguez García. |
| 260 |
_aLa Habana : _b[s. n.], _c1915 ( _fImp. `Cuba Intelectual`) |
||
| 300 |
_a196 p. ; _c20 x 14 cm. |
||
| 530 | _aDisponible en formato digital. | ||
| 852 |
_aES-MaACL _jG-1044 _cDEPO2 |
||
| 856 | 4 |
_uhttp://bdh-rd.bne.es/viewer.vm?id=0000105712&page=1 _y(Biblioteca Digital Hispánica) |
|
| 942 | _2udc | ||
| 999 |
_c131568 _d131568 |
||